|
|
|
|
| LEADER |
00000naa2a2200000 4500 |
| 001 |
428423 |
| 005 |
20231101074829.0 |
| 035 |
|
|
|a (RuTPU)RU\TPU\prd\87964
|
| 035 |
|
|
|a RU\TPU\prd\19800
|
| 090 |
|
|
|a 428423
|
| 100 |
|
|
|a 20101012a2003 k y0rusy50 ca
|
| 101 |
0 |
|
|a rus
|
| 102 |
|
|
|a RU
|
| 200 |
1 |
|
|a Проблема пересмотра новых международных стандартов по контролю проникающими веществами
|f Н. П. Мигун
|
| 225 |
1 |
|
|a Методы проникающих веществ
|
| 320 |
|
|
|a Библиогр.: 7 назв.
|
| 461 |
|
1 |
|0 (RuTPU)RU\TPU\prd\151
|t Дефектоскопия
|d 1965-
|
| 463 |
|
1 |
|0 (RuTPU)RU\TPU\prd\87954
|t № 6
|v С. 77-84
|d 2003
|
| 610 |
1 |
|
|a международные стандарты
|
| 610 |
1 |
|
|a проникающие вещества
|
| 610 |
1 |
|
|a качество
|
| 610 |
1 |
|
|a стандартизация
|
| 610 |
1 |
|
|a контроль
|
| 610 |
1 |
|
|a дефектоскопические материалы
|
| 610 |
1 |
|
|a неразрушающий контроль
|
| 610 |
1 |
|
|a оценка
|
| 675 |
|
|
|a 620.179.111
|v 3
|
| 700 |
|
1 |
|a Мигун
|b Н. П.
|
| 801 |
|
1 |
|a RU
|b 63413507
|c 20031119
|g PSBO
|
| 801 |
|
2 |
|a RU
|b 63413507
|c 20131017
|g RCR
|
| 942 |
|
|
|c BK
|